|
|
|
|
| LEADER |
01119nam a2200289 a 4500 |
| 001 |
1758675 |
| 008 |
091104s1975 enka b 001 0 eng b |
| 010 |
|
|
|\ \\75595699
|
| 020 |
|
|
|a 0853142165 :
|c £2.50
|
| 020 |
|
|
|a 0853142416
|
| 040 |
|
|
|a DLC
|c DLC
|d DLC
|
| 082 |
0 |
0 |
|a 362.5
|2 18
|
| 100 |
1 |
|
|a Aylward, Francis.
|
| 245 |
1 |
0 |
|a Protein and nutrition policy in low-income countries /
|c Francis Aylward and Mogens Jul.
|
| 260 |
|
|
|a London :
|b C. Knight,
|c 1975.
|
| 300 |
|
|
|a xiv, 150 p. :
|b ill. ;
|c 22 cm.
|
| 504 |
|
|
|a Includes bibliographical references (p. 132-145) and index.
|
| 541 |
1 |
|
|e 00006468
|
| 650 |
|
0 |
|a Nutrition
|z Developing countries.
|
| 650 |
|
0 |
|a Nutrition policy
|z Developing countries.
|
| 650 |
|
0 |
|a Proteins.
|
| 650 |
|
2 |
|a Dietary proteins.
|
| 650 |
|
2 |
|a Food supply.
|
| 700 |
1 |
|
|a Jul, Mogens,
|d 1914-
|e joint author.
|
| 852 |
4 |
|
|a Ayesha Abed Library
|j General shelf
|
| 999 |
|
|
|c 5128
|d 5128
|
| 952 |
|
|
|0 0
|1 0
|2 ddc
|4 0
|6 362_500000000000000_AYL_1975
|7 0
|9 4986
|a BRACUL
|b BRACUL
|c GEN
|d 2009-11-04
|g 0.00
|l 1
|o 362.5 AYL
|p 3010006468
|r 2012-02-29
|s 2012-02-22
|t 1
|w 2009-11-04
|y BK
|x No price found in the accession register.
|